Quiz o Beninie - Statystyki

Ogólne statystyki
  • Ten quiz został rozwiązany 658 razy
  • Średni wynik to 9 z 15
Statystyki odpowiedzi
Wskazówka Odpowiedź % Poprawnych
Oficjalny język francuski
91%
Państwo graniczące z Beninem na zachodzie Togo
91%
Zatoka, której częścią jest powyższa zatoka Zatoka {Gwinejska}
83%
Ideologia rządu Beninu w latach 1975–1990 Komunizm
77%
Oficjalna stolica Beninu Porto-Novo
73%
Państwo europejskie, które pod względem wielkości i kształtu jest najbliższe Beninowi Portugalia
65%
Inny kraj, w którym znajduje się miasto o nazwie "Benin City” Nigeria
63%
Religia wyznawana przez 11,6% mieszkańców Beninu, w Beninie procent ten jest wyższy niż w jakimkolwiek innym państwie (wskazówka: zaczyna się na V) Voodoo
58%
Waluta wspólna dla Beninu i siedmiu innych krajów Frank CFA
55%
Inna dawna nazwa obszaru wokół Beninu, nazwana po okrutnym handlu Wybrzeże {Niewolnicze}
52%
Siedziba rządu i najludniejsze miasto Kotonu
45%
Dawna nazwa Beninu Dahomej
41%
Dwa najczęściej używane języki ojczyste (podaj którekolwiek) fon | joruba
30%
Amerykańsko-beniński aktor, który wystąpił w filmach "Krwawy diament” i "Gladiator” Djimon Hounsou
28%
Akwen, nad którym leży Benin Zatoka {Beninu}
28%
Nie znaleziono quizów pasujących do podanych kryteriów
Rozkład punktacji
Procent ludzi z każdym wynikiem
Percentyl według liczby udzielonych odpowiedzi
Twoja historia wyników
Nie rozwiązałeś tego quizu